Art in theory, 1900-2000 : (Record no. 5704)
[ view plain ]
| 000 -LEADER | |
|---|---|
| fixed length control field | 01505cam a22004214a 4500 |
| 001 - CONTROL NUMBER | |
| control field | 12688399 |
| 003 - CONTROL NUMBER IDENTIFIER | |
| control field | OSt |
| 005 - DATE AND TIME OF LATEST TRANSACTION | |
| control field | 20260323095856.0 |
| 008 - FIXED-LENGTH DATA ELEMENTS--GENERAL INFORMATION | |
| fixed length control field | 020228s2003 mau b 001 0 eng |
| 010 ## - LIBRARY OF CONGRESS CONTROL NUMBER | |
| LC control number | 2002018490 |
| 020 ## - INTERNATIONAL STANDARD BOOK NUMBER | |
| International Standard Book Number | 0631227075 |
| Qualifying information | alk. paper |
| 020 ## - INTERNATIONAL STANDARD BOOK NUMBER | |
| International Standard Book Number | 0631227083 |
| Qualifying information | pbk. : alk. paper |
| 020 ## - INTERNATIONAL STANDARD BOOK NUMBER | |
| International Standard Book Number | 9780631227076 |
| Qualifying information | (alk. paper) |
| 020 ## - INTERNATIONAL STANDARD BOOK NUMBER | |
| International Standard Book Number | 9780631227083 |
| Qualifying information | (pbk. : alk. paper) |
| 035 ## - SYSTEM CONTROL NUMBER | |
| System control number | 12688399 |
| 035 ## - SYSTEM CONTROL NUMBER | |
| System control number | (DLC) 2002018490 |
| 035 ## - SYSTEM CONTROL NUMBER | |
| System control number | (DLC)4393 |
| 040 ## - CATALOGING SOURCE | |
| Original cataloging agency | DLC |
| Transcribing agency | Foundation University |
| Modifying agency | DLC |
| -- | FULib |
| Language of cataloging | eng |
| Description conventions | rda |
| 042 ## - AUTHENTICATION CODE | |
| Authentication code | pcc |
| 050 00 - LIBRARY OF CONGRESS CALL NUMBER | |
| Classification number | N 6490 |
| Item number | .2002 A71 |
| 082 00 - DEWEY DECIMAL CLASSIFICATION NUMBER | |
| Classification number | 709/.04 |
| Edition number | 21 |
| 245 00 - TITLE STATEMENT | |
| Title | Art in theory, 1900-2000 : |
| Remainder of title | an anthology of changing ideas / |
| Statement of responsibility, etc. | edited by Charles Harrison and Paul Wood. |
| 250 ## - EDITION STATEMENT | |
| Edition statement | 2nd edition |
| 260 ## - PUBLICATION, DISTRIBUTION, ETC. | |
| Place of publication, distribution, etc. | Malden, MA : |
| Name of publisher, distributor, etc. | Blackwell Pub., |
| Date of publication, distribution, etc. | 2003. |
| 264 ## - PRODUCTION, PUBLICATION, DISTRIBUTION, MANUFACTURE, AND COPYRIGHT NOTICE | |
| Copyright Date | 2003. |
| 300 ## - PHYSICAL DESCRIPTION | |
| Extent | xxvii, 1258 pages |
| Other physical details | ; |
| Dimensions | 26 cm. |
| Materials specified | resource |
| Type of unit | volume |
| 336 ## - CONTENT TYPE | |
| Content type term | text |
| Content type code | txt |
| Source | rdacontent |
| 337 ## - MEDIA TYPE | |
| Media type term | unmediated |
| Media type code | n |
| Source | rdamedia |
| 338 ## - CARRIER TYPE | |
| Carrier type term | volume |
| Carrier type code | nc |
| Source | rdacarrier |
| Materials specified | resource |
| 500 ## - GENERAL NOTE | |
| General note | Rev edition of: Art in theory, 1900-1990. 1993. |
| 504 ## - BIBLIOGRAPHY, ETC. NOTE | |
| Bibliography, etc. note | Includes bibliographical references and index. |
| 650 #0 - SUBJECT ADDED ENTRY--TOPICAL TERM | |
| Topical term or geographic name entry element | Art, Modern |
| Chronological subdivision | 20th century |
| General subdivision | Philosophy. |
| 9 (RLIN) | 15409 |
| 658 ## - INDEX TERM--CURRICULUM OBJECTIVE | |
| Main curriculum objective | Fine Arts, Bachelor of : |
| Subordinate curriculum objective | Art Theory ; |
| Curriculum code | FA335, FA336 |
| 700 1# - ADDED ENTRY--PERSONAL NAME | |
| Personal name | Harrison, Charles, |
| Dates associated with a name | 1942-2009. |
| 9 (RLIN) | 15410 |
| 700 1# - ADDED ENTRY--PERSONAL NAME | |
| Personal name | Wood, Paul. |
| 9 (RLIN) | 15411 |
| 730 0# - ADDED ENTRY--UNIFORM TITLE | |
| Uniform title | Art in theory, 1900-1990. |
| 9 (RLIN) | 15412 |
| 942 ## - ADDED ENTRY ELEMENTS (KOHA) | |
| Source of classification or shelving scheme | Library of Congress Classification |
| Koha item type | Books |
| Edition | 2nd edition |
| Classification part | N 6490 |
| Item part | .2002 A71 |
| Call number prefix | (DAFA-FA) |
| Withdrawn status | Lost status | Source of classification or shelving scheme | Damaged status | Not for loan | Collection code | Home library | Current library | Shelving location | Date acquired | Source of acquisition | Total Checkouts | Full call number | Barcode | Date last seen | Price effective from | Koha item type | Accession Number |
|---|---|---|---|---|---|---|---|---|---|---|---|---|---|---|---|---|---|
| Library of Congress Classification | Non-fiction | Foundation University Library | Foundation University Library | DoArchitecture & Fine Arts | 03/23/2026 | Donated by Bellas Artes Projects | (DAFA-FA) N 6490 2002 A71 | 0192026003258 | 03/23/2026 | 03/23/2026 | Books | DAFA-2026258 |
